000 00829nam a22002055i 4500
001 178672
003 ES-MaACL
005 20230906220601.0
008 110610s1972 sp |||| | spa d
080 _a616.8
100 1 _aOller-Daurella, Luis.
_986915
245 1 0 _aContribución al estudio de las ausencias epilépticas /
_cresumen de la tesis presentada para aspirar al grado de doctor en medicina por Luis Oller Daurella.
260 _aBarcelona :
_bUniversidad de Barcelona, Secretariado de Publicaciones, Intercambio Científico y Extensión Universitaria :
_bIvern,
_c1972.
300 _a20 p. ;
_c24 cm.
500 _aCub. tomada como port.
504 _aBibliografía: p. 18-20.
650 0 4 _aNeurología.
_9136593
710 2 _aUniversidad de Barcelona.
_97141
852 _aES-MaACL
_jE-15361 (79)
_xOlim P-1374
999 _c178672
_d178672